• 首页
  • 本馆介绍
  • 公告通知
  • 最新文献
  • 馆藏检索
  • 电子资源
  • 读者导购
  • 参考咨询
  • 我的图书馆
  • 登录
  • 详细信息显示
  • 放入我的书架
  • 预约/预借图书
  • 作者相关作品
  • 分类相关作品
  • 丛书相关作品
  • 出版社相关作品

书目信息

  • 表格格式
  • 工作单格式
  • 卡片格式
题名:
京剧选编(七)
    
 
作者: 钮骠 著
分册:  
出版信息: 北京   中国戏剧出版社  1990.11
页数: 199页
开本: 20cm
丛书名:
单 册:
中图分类: J643.1
科图分类:
主题词: 音乐--作品--中国
电子资源:
ISBN:
000 00529nam0 2200193 45
001 0312221749
005 20031222171152.8
010    @dCNY4.85
100    @a20031222d1990 km y0chiy0120 ea
101    @achi
105    @a z 000yy
200 1  @a京剧选编(七)@AJing Ju Xuan Bian(Qi)@f钮骠等著@FNiu Biao Deng Zhu
210    @a北京@c中国戏剧出版社@d1990.11
215    @a199页@d20cm
606 0  @a音乐@x作品@x中国
690    @aJ643.1@v3
701 0  @a钮骠@4著
801    @aCN@bTSTCL@c20031222
905    @a213230@dJ643.1@e120:7@b249861@f1
    
    京剧选编(七)/钮骠等著.-北京:中国戏剧出版社,1990.11
    199页;20cm
    
    
    ISBN :CNY4.85
    
●
相关链接 在E读中查询图书 在五车中查询图书 在当当中查询图书 在豆瓣中查询图书


正题名:京剧选编(七)     索取号:J643.1/120:7         预约/预借

序号 登录号 条形码 馆藏地/架位号 状态 备注
1 0249861   001204093   第一样本阅览室/ [索取号:J643.1/120:7] 在馆    
唐山师范学院图书馆 欢迎您!
大连网信软件有限公司© 版权所有